000 00553cam a22002291 4500
001 sa 68004127
003 DLC
005 20260227112459.0
008 941128s1965 ii 000 0 beno
010 _asa 68004127
025 _aPL480:EP-B-1297
035 _a(OCoLC)31523626
040 _aDLC
_cCU
_dCU
_dDLC
042 _apremarc
050 0 0 _aBP88.H3
_bN8
100 1 _aHai, Abdul,
_d1927-
245 1 0 _aNūrera sandhāne o yugera sāthī.
260 _c[1965]
300 _a11, 2, 79 p.
_c19 cm.
500 _aIn Bengali.
650 0 _aIslam
999 _c79985
_d79985